000 01739cam a2200385 a 4500
001 timetolivesevent00rain
003 CaSfIA
005 20210119103037.0
007 cr||||
008 961112s1997 nyu b 000 0 eng
010 _a 96039771
040 _aDLC
_cDLC
_dBAKER
_dBTCTA
_dYDXCP
_dSXC
_dCaSfIA
020 _a0525942831 (alk. paper)
020 _a9780525942832 (alk. paper)
035 _a(OCoLC)36017062
050 0 0 _aBF724.85.S45
_bR35 1997
082 0 0 _a155.67
_221
100 1 _aRaines, Robert Arnold.
245 1 2 _aA time to live :
_h[electronic resource]
_bseven tasks of creative aging /
_cRobert Raines.
260 _aNew York :
_bDutton,
_cc1997.
300 _a205p. ;
_c21 cm.
504 _aIncludes bibliographical references (p. [195]-205).
505 0 _aWaking up -- Embracing sorrow -- Savoring blessedness -- Re-imagining work -- Nurturing intimacy -- Seeking forgiveness -- Taking on the mystery.
650 0 _aSelf-actualization (Psychology) in old age.
650 0 _aAging
_xPsychological aspects.
650 0 _aMaturation (Psychology)
856 4 1 _uhttp://www.archive.org/details/timetolivesevent00rain
_zFree eBook from the Internet Archive
856 4 2 _uhttp://www.openlibrary.org/books/OL1000832M
_zAdditional information and access via Open Library
029 1 _aYDXCP
_b1354508
029 1 _aNZ1
_b3727550
029 1 _aAU@
_b000012895103
942 _cEB
506 _fНеобхідна авторизація на https://archive.org/ (створення облікового запису безкоштовно)
506 _fНеобхідна авторизація на https://openlibrary.org/ (створення облікового запису безкоштовно)
999 _c557849
_d557849